[Event "Manizales op 21st"]
[Site "Manizales"]
[Date "2009.01.10"]
[Round "5"]
[White "Palao, Maricela"]
[Black "Munoz Galvez, Jhon Edison"]
[Result "0-1"]
[WhiteElo "2083"]
[BlackElo "2208"]
[PlyCount "82"]
[EventDate "2009.01.08"]
[EventType "swiss"]
[EventRounds "7"]
[EventCountry "COL"]
[SourceTitle "CBM 128 Extra"]
[Source "ChessBase"]
[SourceDate "2009.03.05"]
[SourceVersion "2"]
[SourceVersionDate "2009.03.25"]
[SourceQuality "1"]

1. d4 Nf6 2. Nf3 g6 3. c4 Bg7 4. Nc3 d5 5. Bg5 Ne4 6. Qc1 h6 7. Be3 Nxc3 8. Qxc3 0-0 9. g3 dxc4 10. Qxc4 Be6 11. Qc1 Kh7 12. h4 Nc6 13. Bg2 Bd5 14. h5 g5 15. Qc2+ Kh8 16. Rd1 e6 17. b3 a5 18. Kf1 f5 19. Qc5 f4 20. gxf4 gxf4 21. Bc1 Rf5 22. Qc3 Qf6 23. Bb2 Rg8 24. Rh2 Bf8 25. a3 Bd6 26. Rd3 Qf7 27. Ne5 Bxg2+ 28. Rxg2 Bxe5 29. Rxg8+ Qxg8 30. dxe5 Rxh5 31. Rh3 Qg4 32. Rxh5 Qxh5 33. Ke1 Qh1+ 34. Kd2 Kg7 35. Kc2 Qe4+ 36. Qd3 Qxd3+ 37. Kxd3 Ne7 38. Bc3 Nd5 39. Bxa5 Kg6 40. Ke4 Kg5 41. Bd2 h5 0-1

[Event "COL-ch (Women)"]
[Site "San Andres Islas"]
[Date "2008.12.05"]
[Round "9"]
[White "Rivera, Ingris"]
[Black "Palao, Maricela"]
[Result "1/2-1/2"]
[WhiteElo "2153"]
[BlackElo "2083"]
[PlyCount "79"]
[EventDate "2008.12.01"]
[EventType "swiss"]
[EventRounds "9"]
[EventCountry "COL"]
[SourceTitle "CBM 127 Extra"]
[Source "ChessBase"]
[SourceDate "2009.01.08"]
[SourceVersion "2"]
[SourceVersionDate "2009.01.28"]
[SourceQuality "1"]

1. Nf3 f5 2. g3 Nf6 3. Bg2 e6 4. 0-0 Be7 5. c4 0-0 6. d4 d5 7. Nc3 c6 8. Bf4 Ne4 9. h4 Nd7 10. Qb3 Kh8 11. Rad1 Ndf6 12. Be5 Nh5 13. e3 h6 14. Nh2 Bd6 15. Nf3 Nhf6 16. Qc2 Ng4 17. Bh3 Ngf6 18. a3 dxc4 19. Nxe4 fxe4 20. Bxd6 Qxd6 21. Ne5 Kg8 22. Qxc4 Qd5 23. Qc2 Bd7 24. Qc5 Rad8 25. Qxa7 Bc8 26. Qc5 Rfe8 27. b4 Qb3 28. Ra1 Nd5 29. Qc4 Qa4 30. Rfb1 Qa7 31. Qc2 Rf8 32. Bg2 Nf6 33. Bxe4 Nxe4 34. Qxe4 Qa6 35. Qd3 Qb6 36. Qe2 Qc7 37. Rc1 Qd6 38. Rc5 Rf6 39. Rac1 Re8 40. b5 1/2-1/2

[Event "COL-ch (Women)"]
[Site "San Andres Islas"]
[Date "2008.12.04"]
[Round "8"]
[White "Palao, Maricela"]
[Black "Herrera, Milena"]
[Result "1/2-1/2"]
[WhiteElo "2083"]
[BlackElo "2070"]
[PlyCount "66"]
[EventDate "2008.12.01"]
[EventType "swiss"]
[EventRounds "9"]
[EventCountry "COL"]
[SourceTitle "CBM 127 Extra"]
[Source "ChessBase"]
[SourceDate "2009.01.08"]
[SourceVersion "2"]
[SourceVersionDate "2009.01.28"]
[SourceQuality "1"]

1. d4 Nf6 2. Nf3 g6 3. c4 c5 4. g3 Bg7 5. Bg2 0-0 6. 0-0 d6 7. Nc3 Nc6 8. dxc5 dxc5 9. Be3 Be6 10. Qa4 Nd4 11. Rac1 Ng4 12. Bf4 Bd7 13. Qd1 e5 14. Bg5 f6 15. Bd2 Bc6 16. e4 f5 17. h3 Nxf3+ 18. Bxf3 Nf6 19. Re1 Qd4 20. Be3 Qxd1 21. Rcxd1 b6 22. Bg5 h6 23. Bxf6 Rxf6 24. Nd5 Rf7 25. Bg2 Raf8 26. Rd2 b5 27. b3 a6 28. cxb5 axb5 29. Rc1 Bxd5 30. Rxd5 fxe4 31. Rc2 c4 32. Bxe4 cxb3 33. axb3 g5 1/2-1/2

[Event "COL-ch (Women)"]
[Site "San Andres Islas"]
[Date "2008.12.02"]
[Round "4"]
[White "Palao, Maricela"]
[Black "Orozco Lopez, Lina Yomayra"]
[Result "1-0"]
[WhiteElo "2083"]
[BlackElo "2097"]
[PlyCount "41"]
[EventDate "2008.12.01"]
[EventType "swiss"]
[EventRounds "9"]
[EventCountry "COL"]
[SourceTitle "CBM 127 Extra"]
[Source "ChessBase"]
[SourceDate "2009.01.08"]
[SourceVersion "2"]
[SourceVersionDate "2009.01.28"]
[SourceQuality "1"]

1. d4 e5 2. dxe5 Qe7 3. Nf3 Nc6 4. e3 Nxe5 5. Be2 f5 6. 0-0 Nf6 7. c4 d6 8. Nc3 Be6 9. Nd5 Nxd5 10. cxd5 Bf7 11. Bb5+ Nd7 12. Re1 0-0-0 13. e4 Ne5 14. Kh1 Ng4 15. Qd4 c6 16. dxc6 Kb8 17. Bg5 Nf6 18. exf5 Qc7 19. Rac1 b6 20. a4 Be7 21. Rxe7 1-0

[Event "COL-ch (Women)"]
[Site "San Andres Islas"]
[Date "2008.12.02"]
[Round "3"]
[White "Ramirez, Heimy Polgar"]
[Black "Palao, Maricela"]
[Result "0-1"]
[WhiteElo "2027"]
[BlackElo "2083"]
[PlyCount "90"]
[EventDate "2008.12.01"]
[EventType "swiss"]
[EventRounds "9"]
[EventCountry "COL"]
[SourceTitle "CBM 127 Extra"]
[Source "ChessBase"]
[SourceDate "2009.01.08"]
[SourceVersion "2"]
[SourceVersionDate "2009.01.28"]
[SourceQuality "1"]

1. Nf3 d5 2. d4 c6 3. e3 Bf5 4. c4 e6 5. Nc3 Nf6 6. Bd3 Bxd3 7. Qxd3 Nbd7 8. 0-0 Bd6 9. cxd5 exd5 10. e4 dxe4 11. Nxe4 Be7 12. Re1 0-0 13. Bf4 Nxe4 14. Qxe4 Re8 15. Qc2 Nf6 16. Qb3 Qb6 17. Qxb6 axb6 18. a3 b5 19. Bd2 Nd5 20. Kf1 Bd6 21. g3 f6 22. Rxe8+ Rxe8 23. Re1 Rd8 24. Nh4 g6 25. Ng2 Kf7 26. Ne3 Be7 27. Nxd5 Rxd5 28. Bc3 f5 29. Ke2 Bf6 30. Ke3 h6 31. f4 Rd7 32. Rd1 b6 33. Rc1 Ke6 34. h3 Kd5 35. b3 Re7+ 36. Kd3 Re4 37. Rd1 Bxd4 38. Kc2 c5 39. Bxd4 cxd4 40. a4 bxa4 41. bxa4 Re2+ 42. Kb1 Rg2 43. Rd3 Kc4 44. Rf3 d3 45. Kc1 Kc3 0-1

[Event "COL-ch (Women)"]
[Site "San Andres Islas"]
[Date "2008.12.01"]
[Round "2"]
[White "Palao, Maricela"]
[Black "Santos Morales, Natalia Andrea"]
[Result "1-0"]
[WhiteElo "2083"]
[BlackElo "1963"]
[PlyCount "80"]
[EventDate "2008.12.01"]
[EventType "swiss"]
[EventRounds "9"]
[EventCountry "COL"]
[SourceTitle "CBM 127 Extra"]
[Source "ChessBase"]
[SourceDate "2009.01.08"]
[SourceVersion "2"]
[SourceVersionDate "2009.01.28"]
[SourceQuality "1"]

1. d4 d5 2. Nf3 Nf6 3. c4 e6 4. e3 Be7 5. Nc3 Nbd7 6. Bd3 c6 7. 0-0 0-0 8. e4 dxe4 9. Nxe4 Qc7 10. Bg5 c5 11. Qe2 cxd4 12. Nxd4 Qd8 13. Rad1 Kh8 14. Bb1 Nxe4 15. Qxe4 g6 16. Bh6 Re8 17. Nb5 f5 18. Qxe6 Bf8 19. Bg5 Rxe6 20. Bxd8 Rc6 21. b3 a6 22. Nd4 Rd6 23. Bc7 Rf6 24. Rfe1 Bc5 25. Ne6 Bb4 26. Re2 Rf7 27. Bd6 Bxd6 28. Rxd6 Re7 29. Kf1 b5 30. c5 h5 31. Nc7 Rxe2 32. Kxe2 Ra7 33. Ne6 Kh7 34. f4 Nf6 35. Ng5+ Kg7 36. h3 Re7+ 37. Kf2 b4 38. Bd3 a5 39. c6 h4 40. Bc4 Kh6 1-0

[Event "San Andres sub-zt 2.3.4 (Women)"]
[Site "San Andres Islas"]
[Date "2008.11.30"]
[Round "9"]
[White "Palao, Maricela"]
[Black "Panesso, Lina Maria"]
[Result "1/2-1/2"]
[WhiteElo "2083"]
[BlackElo "1980"]
[PlyCount "28"]
[EventDate "2008.11.26"]
[EventType "tourn"]
[EventRounds "10"]
[EventCountry "COL"]
[SourceTitle "CBM 127 Extra"]
[Source "ChessBase"]
[SourceDate "2009.01.08"]
[SourceVersion "2"]
[SourceVersionDate "2009.01.28"]
[SourceQuality "1"]

1. d4 d5 2. c4 c6 3. e3 Nf6 4. Nf3 e6 5. Qc2 Nbd7 6. Nbd2 Be7 7. Bd3 0-0 8. 0-0 Re8 9. b3 Bf8 10. Bb2 g6 11. Rad1 Bg7 12. Rfe1 Qc7 13. Nf1 b6 14. Ng3 Bb7 1/2-1/2

[Event "San Andres sub-zt 2.3.4 (Women)"]
[Site "San Andres Islas"]
[Date "2008.11.27"]
[Round "3"]
[White "Palao, Maricela"]
[Black "Perez, Laura"]
[Result "1-0"]
[WhiteElo "2083"]
[BlackElo "1914"]
[PlyCount "68"]
[EventDate "2008.11.26"]
[EventType "tourn"]
[EventRounds "10"]
[EventCountry "COL"]
[SourceTitle "CBM 127 Extra"]
[Source "ChessBase"]
[SourceDate "2009.01.08"]
[SourceVersion "2"]
[SourceVersionDate "2009.01.28"]
[SourceQuality "1"]

1. d4 d5 2. e3 Nf6 3. f4 Bf5 4. Nf3 e6 5. c3 c6 6. Ne5 Nbd7 7. Nd2 Ne4 8. Ndf3 Bd6 9. Be2 Qc7 10. 0-0 f6 11. Nd3 0-0-0 12. a4 g5 13. a5 gxf4 14. exf4 Rdg8 15. Be3 h5 16. Qe1 Nb8 17. Kh1 Qh7 18. Nh4 Bg4 19. Bf3 Rg7 20. Rd1 Rhg8 21. b3 Bf5 22. Nc1 Be7 23. c4 Bg4 24. Nd3 Nd7 25. a6 b6 26. cxd5 exd5 27. Rc1 Nb8 28. b4 Bxf3 29. Rxf3 Ng3+ 30. hxg3 Qxd3 31. Bg1 Qb5 32. Qe6+ Kd8 33. Nf5 h4 34. Nxg7 Rxg7 1-0

[Event "San Andres sub-zt 2.3.4 (Women)"]
[Site "San Andres Islas"]
[Date "2008.11.26"]
[Round "1"]
[White "Orozco Lopez, Luz Elena"]
[Black "Palao, Maricela"]
[Result "0-1"]
[WhiteElo "1990"]
[BlackElo "2083"]
[PlyCount "81"]
[EventDate "2008.11.26"]
[EventType "tourn"]
[EventRounds "10"]
[EventCountry "COL"]
[SourceTitle "CBM 127 Extra"]
[Source "ChessBase"]
[SourceDate "2009.01.08"]
[SourceVersion "2"]
[SourceVersionDate "2009.01.28"]
[SourceQuality "1"]

1. e4 g6 2. d4 Bg7 3. Bc4 c5 4. d5 d6 5. f4 Nd7 6. Nf3 b5 7. Be2 Nh6 8. 0-0 Rb8 9. c3 0-0 10. Ng5 Qc7 11. Be3 a5 12. Nd2 b4 13. Qc2 Nb6 14. cxb4 axb4 15. Kh1 Bd7 16. Rac1 Ra8 17. Ra1 Ra7 18. Nb3 Rfa8 19. Nc1 Na4 20. Rb1 Nb6 21. Qd2 f5 22. e5 Qb7 23. Rd1 Ra5 24. Ne6 Bh8 25. Bf2 Nf7 26. h3 Qxd5 27. Qxd5 Nxd5 28. Nxc5 Bc6 29. N5b3 Nxf4 30. Nxa5 Rxa5 31. exd6 Nxd6 32. Bf1 Nxh3 33. Be1 Ra8 34. Kh2 Ng5 35. Bxb4 Be5+ 36. Kg1 f4 37. Nd3 Bd4+ 38. Kh2 f3 39. Bc5 Bf6 40. Nf2 Nde4 41. Be3 0-1

[Event "Cali Olimpiad sf-A (Women)"]
[Site "Cali"]
[Date "2008.09.03"]
[Round "2.2"]
[White "Panesso Rivera, Jenny"]
[Black "Palao, Maricela"]
[Result "0-1"]
[WhiteElo "1973"]
[BlackElo "2097"]
[PlyCount "88"]
[EventDate "2008.09.03"]
[EventType "tourn"]
[EventRounds "7"]
[EventCountry "COL"]
[SourceTitle "EXT 2024"]
[Source "ChessBase"]
[SourceDate "2023.10.10"]
[SourceVersion "1"]
[SourceVersionDate "2023.10.10"]
[SourceQuality "1"]

1. e4 c5 2. c3 g6 3. d4 cxd4 4. cxd4 Bg7 5. Nf3 d6 6. Bc4 Nf6 7. Nc3 0-0 8. 0-0 Nc6 9. h3 Bd7 10. e5 Ne8 11. Re1 Rc8 12. Bxf7+ Rxf7 13. e6 Rxf3 14. exd7 Qxd7 15. Qxf3 Nxd4 16. Qe4 e6 17. Be3 d5 18. Qd3 Nc6 19. Rad1 Nd6 20. a3 Qf7 21. f4 Nc4 22. Bc1 N6a5 23. Qe2 Rc6 24. Na2 Nb3 25. Nb4 Rb6 26. Be3 Rd6 27. Bc1 Nxc1 28. Rxc1 Qxf4 29. Rf1 Qe5 30. Qf3 Qf5 31. Qe2 Qg5 32. b3 Bd4+ 33. Kh1 Ne3 34. Rc8+ Rd8 35. Rxd8+ Qxd8 36. Rc1 Bb6 37. Nd3 Qd6 38. Rc8+ Kg7 39. Qf3 Qxa3 40. h4 Qa1+ 41. Kh2 Qf6 42. Nf4 Qxh4+ 43. Kg1 Ng4+ 44. Kf1 Nh2+ 0-1

[Event "American Continental 04th"]
[Site "Cali"]
[Date "2007.07.13"]
[Round "4"]
[White "Palao, Maricela"]
[Black "Rua, Nora L"]
[Result "1-0"]
[WhiteElo "2139"]
[BlackElo "1960"]
[PlyCount "53"]
[EventDate "2007.07.10"]
[EventType "swiss"]
[EventRounds "11"]
[EventCountry "COL"]
[SourceTitle "CBM 119 Extra"]
[Source "ChessBase"]
[SourceDate "2007.09.04"]
[SourceVersion "1"]
[SourceVersionDate "2007.09.04"]
[SourceQuality "1"]

1. d4 d5 2. Nf3 Nf6 3. c4 c6 4. e3 Bf5 5. Nc3 e6 6. Be2 Be7 7. 0-0 Nbd7 8. b3 h6 9. Bb2 0-0 10. Rc1 Ne4 11. Ne5 Rc8 12. f4 Nxe5 13. fxe5 Bg5 14. Nxe4 Bxe3+ 15. Nf2 Bxc1 16. Qxc1 dxc4 17. Qxc4 c5 18. dxc5 Qa5 19. Qc3 Rxc5 20. Qe3 Rcc8 21. Bd4 Rfd8 22. Ne4 Bxe4 23. Qxe4 Qxa2 24. Bd3 g6 25. Rxf7 Kxf7 26. Qxg6+ Ke7 27. Qg7+ 1-0

[Event "COL-ch (Women)"]
[Site "Cartagena"]
[Date "2007.06.16"]
[Round "4"]
[White "Palao, Maricela"]
[Black "Franco Valencia, Angela Maria"]
[Result "1-0"]
[WhiteElo "2142"]
[BlackElo "2124"]
[PlyCount "65"]
[EventDate "2007.06.13"]
[EventType "tourn"]
[EventRounds "13"]
[EventCountry "COL"]
[SourceTitle "CBM 119 Extra"]
[Source "ChessBase"]
[SourceDate "2007.09.04"]
[SourceVersion "1"]
[SourceVersionDate "2007.09.04"]
[SourceQuality "1"]

1. d4 d5 2. Nf3 Nf6 3. c4 dxc4 4. e3 e6 5. Bxc4 c5 6. 0-0 a6 7. a4 Nc6 8. Qe2 Qc7 9. Nc3 Bd6 10. h3 0-0 11. Rd1 Na5 12. Ba2 Bd7 13. e4 cxd4 14. Rxd4 Bc5 15. Rd1 Bc6 16. Bg5 Nd7 17. Rab1 Bb4 18. Rbc1 Nb6 19. Rd4 Bc5 20. Nd5 exd5 21. Rxc5 Nd7 22. Rc1 dxe4 23. Rxe4 Qb6 24. Rf4 Nb3 25. Rc3 Nbc5 26. Be7 Nxa4 27. Rc2 Rae8 28. Ng5 Bb5 29. Qh5 Bd3 30. Rxf7 Kh8 31. Rxf8+ Rxf8 32. Bxf8 Bxc2 33. Qf7 1-0

[Event "Olympiad Women-37"]
[Site "Turin"]
[Date "2006.06.02"]
[Round "11"]
[White "Palao, Maricela"]
[Black "Bjerke, Silje"]
[Result "1/2-1/2"]
[WhiteElo "2152"]
[BlackElo "2161"]
[PlyCount "85"]
[EventDate "2006.05.21"]
[EventType "team-swiss"]
[EventRounds "13"]
[EventCountry "ITA"]
[SourceTitle "CBM 112 Extra"]
[Source "ChessBase"]
[SourceDate "2006.07.14"]
[SourceVersion "1"]
[SourceVersionDate "2006.07.14"]
[SourceQuality "1"]
[WhiteTeam "Columbia (W)"]
[BlackTeam "Norway (W)"]
[WhiteTeamCountry "COL"]
[BlackTeamCountry "NOR"]

1. d4 d5 2. c4 e6 3. Nf3 c6 4. e3 Nf6 5. Nbd2 c5 6. Bd3 Nc6 7. 0-0 cxd4 8. exd4 Be7 9. b3 dxc4 10. Nxc4 0-0 11. Bb2 Nb4 12. Bb1 Nbd5 13. Nce5 Bd6 14. a3 b6 15. Qc2 Ba6 16. Re1 Rc8 17. Qd2 Bb7 18. Bd3 Qe7 19. Ng5 h6 20. Nh3 Ba8 21. f3 Rfd8 22. b4 Qb7 23. Rad1 b5 24. Nf2 a6 25. Ne4 Bxe5 26. dxe5 Nxe4 27. Bxe4 Qe7 28. Qf2 Nf4 29. Bxa8 Rxa8 30. Bd4 Rac8 31. Qg3 Nd5 32. f4 Rc4 33. h3 Qc7 34. Kh2 Nxb4 35. Qf2 Nd5 36. Rd2 a5 37. Red1 Rc8 38. f5 Nf6 39. Re1 exf5 40. Bb6 Qb8 41. Ba7 Qc7 42. Bb6 Qb8 43. Ba7 1/2-1/2

[Event "Olympiad Women-37"]
[Site "Turin"]
[Date "2006.05.31"]
[Round "10"]
[White "Zawadzka, Jolanta"]
[Black "Palao, Maricela"]
[Result "1-0"]
[WhiteElo "2389"]
[BlackElo "2152"]
[PlyCount "75"]
[EventDate "2006.05.21"]
[EventType "team-swiss"]
[EventRounds "13"]
[EventCountry "ITA"]
[SourceTitle "CBM 112 Extra"]
[Source "ChessBase"]
[SourceDate "2006.07.14"]
[SourceVersion "1"]
[SourceVersionDate "2006.07.14"]
[SourceQuality "1"]
[WhiteTeam "Poland (W)"]
[BlackTeam "Columbia (W)"]
[WhiteTeamCountry "POL"]
[BlackTeamCountry "COL"]

1. e4 e5 2. Nf3 Nc6 3. d4 exd4 4. Nxd4 Nf6 5. Nxc6 bxc6 6. e5 Qe7 7. Qe2 Nd5 8. c4 Ba6 9. g3 Nb6 10. b3 Qe6 11. Bb2 Bc5 12. Nd2 0-0 13. 0-0-0 Qe7 14. Qe4 Ba3 15. Bd3 Bxb2+ 16. Kxb2 f5 17. Qd4 Rab8 18. Ka1 c5 19. Qc3 d5 20. exd6 cxd6 21. Rhe1 Qf7 22. Nf3 Rbe8 23. Ng5 Qh5 24. h4 h6 25. Nh3 Qf3 26. Qd2 Nd7 27. Nf4 Rxe1 28. Rxe1 Ne5 29. Bf1 Qc6 30. Bg2 Qb6 31. Ne6 Rf7 32. Bd5 Kh7 33. f4 Ng4 34. Ng5+ hxg5 35. Bxf7 gxh4 36. Qd5 Nh6 37. Qe6 d5 38. Bg6+ 1-0

[Event "Olympiad Women-37"]
[Site "Turin"]
[Date "2006.05.23"]
[Round "3"]
[White "Palao, Maricela"]
[Black "Borosova, Zuzana"]
[Result "0-1"]
[WhiteElo "2152"]
[BlackElo "2210"]
[PlyCount "80"]
[EventDate "2006.05.21"]
[EventType "team-swiss"]
[EventRounds "13"]
[EventCountry "ITA"]
[SourceTitle "CBM 112 Extra"]
[Source "ChessBase"]
[SourceDate "2006.07.14"]
[SourceVersion "1"]
[SourceVersionDate "2006.07.14"]
[SourceQuality "1"]
[WhiteTeam "Columbia (W)"]
[BlackTeam "Slovakia (W)"]
[WhiteTeamCountry "COL"]
[BlackTeamCountry "SVK"]

1. d4 Nf6 2. Nf3 e6 3. c4 b6 4. Nc3 Bb4 5. g3 Bb7 6. Bg2 0-0 7. 0-0 Bxc3 8. bxc3 d6 9. Qb3 Nbd7 10. Ba3 Qe7 11. Rfe1 Ne4 12. Rad1 f5 13. e3 Ndf6 14. c5 Ng4 15. cxd6 cxd6 16. Re2 Rfc8 17. c4 b5 18. c5 Bd5 19. Qb2 dxc5 20. dxc5 a5 21. Qxb5 Nc3 22. Qd3 Nxd1 23. Qxd1 Nf6 24. Nd4 Bxg2 25. Kxg2 Ne4 26. Qb3 Nxc5 27. Bxc5 Rxc5 28. Nxe6 a4 29. Qb6 Rcc8 30. Nd4 Rcb8 31. Qc6 Qe4+ 32. f3 Qxc6 33. Nxc6 Rb7 34. f4 a3 35. Kf3 g6 36. Rd2 Rb2 37. Ke2 Kf8 38. Nd4 Rab8 39. Nb3 R8xb3 40. axb3 Rxd2+ 0-1

[Event "Olympiad Women-36"]
[Site "Mallorca"]
[Date "2004.10.28"]
[Round "13.2"]
[White "Palao, Maricela"]
[Black "Schuurman, Petra"]
[Result "0-1"]
[WhiteElo "2128"]
[BlackElo "2333"]
[PlyCount "134"]
[EventDate "2004.10.15"]
[EventType "team-swiss"]
[EventRounds "14"]
[EventCountry "ESP"]
[SourceTitle "CBM 102 Extra"]
[Source "ChessBase"]
[SourceDate "2004.11.03"]
[SourceVersion "1"]
[SourceVersionDate "2004.11.03"]
[SourceQuality "1"]
[WhiteTeam "Columbia (W)"]
[BlackTeam "Netherlands (W)"]
[WhiteTeamCountry "COL"]
[BlackTeamCountry "NED"]

1. c4 c5 2. Nf3 g6 3. e4 Bg7 4. d4 cxd4 5. Nxd4 Nc6 6. Be3 Nf6 7. Nc3 Ng4 8. Qxg4 Nxd4 9. Qd1 Ne6 10. Be2 Qa5 11. Qd2 b6 12. Rc1 Bb7 13. f3 h5 14. 0-0 g5 15. Rfd1 d6 16. b3 Qe5 17. Nd5 h4 18. Qc3 Qxc3 19. Nxc3 Be5 20. h3 Bf4 21. Bxf4 Nxf4 22. Bf1 Ng6 23. Nb5 0-0 24. Nc7 Rac8 25. Nd5 Rfd8 26. Rc2 Kf8 27. Rcd2 Ne5 28. Kf2 Bxd5 29. Rxd5 f6 30. Ke3 Ng6 31. R5d2 Rc7 32. Kf2 Kf7 33. Ke3 Rdc8 34. Be2 Rc5 35. Rd5 Nf4 36. Rxc5 bxc5 37. Bf1 Rb8 38. Rb1 Ke6 39. Rb2 Kd7 40. Kd2 Ng6 41. Bd3 Ne5 42. Kc3 Nc6 43. Be2 Ke6 44. Kd3 Ke5 45. Ke3 Nd4 46. Bd1 a5 47. a4 Rb4 48. Rb1 e6 49. Rb2 d5 50. exd5 exd5 51. cxd5 c4 52. d6 c3 53. Ra2 Nf5+ 54. Ke2 Nxd6 55. Bc2 Rd4 56. Bd3 Rd5 57. Rc2 Kd4 58. Bg6 Re5+ 59. Kd1 Nb7 60. Re2 Rxe2 61. Kxe2 Nc5 62. Bc2 Ne6 63. Kf2 Kc5 64. g3 Nd4 65. gxh4 Nxc2 66. h5 Nb4 67. h6 Nd3+ 0-1

[Event "Olympiad Women-36"]
[Site "Mallorca"]
[Date "2004.10.16"]
[Round "2.2"]
[White "Palao, Maricela"]
[Black "Ankhchimeg, Bayanmunkh"]
[Result "1/2-1/2"]
[WhiteElo "2128"]
[BlackElo "2235"]
[PlyCount "107"]
[EventDate "2004.10.15"]
[EventType "team-swiss"]
[EventRounds "14"]
[EventCountry "ESP"]
[SourceTitle "CBM 102 Extra"]
[Source "ChessBase"]
[SourceDate "2004.11.03"]
[SourceVersion "1"]
[SourceVersionDate "2004.11.03"]
[SourceQuality "1"]
[WhiteTeam "Columbia (W)"]
[BlackTeam "Mongolia (W)"]
[WhiteTeamCountry "COL"]
[BlackTeamCountry "MGL"]

1. d4 Nf6 2. c4 e6 3. Nc3 Bb4 4. e3 0-0 5. Bd3 d5 6. Nge2 c5 7. 0-0 Nbd7 8. a3 Bxc3 9. Nxc3 Qe7 10. Rb1 Rd8 11. cxd5 exd5 12. Qf3 Nf8 13. dxc5 Qxc5 14. Nb5 Ng6 15. Qg3 Ne4 16. Qc7 Bd7 17. Bxe4 Qxb5 18. Bxg6 hxg6 19. Bd2 Bf5 20. Rbc1 Qxb2 21. Qc3 Qxc3 22. Bxc3 Rac8 23. Bd4 Rc4 24. Rc3 b6 25. Rfc1 Rdc8 26. Kf1 Kf8 27. Ke1 Ke7 28. Kd2 f6 29. h3 g5 30. f3 Kd6 31. Ra1 Rxc3 32. Bxc3 Kc5 33. Rc1 Kb5 34. Bb4 Rxc1 35. Kxc1 Bd3 36. Bf8 g6 37. Be7 f5 38. Bxg5 Bf1 39. g4 Bxh3 40. gxf5 Bxf5 41. Kb2 Kc4 42. Bf6 Kd3 43. Bd4 g5 44. Bf6 Kxe3 45. Bxg5+ Kd3 46. Bf4 Ke2 47. Bb8 d4 48. Kc1 a6 49. Bf4 Kxf3 50. Bc7 b5 51. Kd2 Ke4 52. Bg3 Kd5 53. Bh4 Kc4 54. Bg5 1/2-1/2

[Event "American Continental (Women) 02nd"]
[Site "Ecuador"]
[Date "2003.09.06"]
[Round "1"]
[White "Palao, Maricela"]
[Black "Arribas Robaina, Maritza"]
[Result "0-1"]
[WhiteElo "2138"]
[BlackElo "2366"]
[PlyCount "64"]
[EventDate "2003.09.06"]
[EventType "swiss"]
[EventRounds "9"]
[EventCountry "ECU"]
[SourceTitle "EXT 2005"]
[Source "ChessBase"]
[SourceDate "2004.11.15"]
[SourceVersion "1"]
[SourceVersionDate "2004.11.15"]
[SourceQuality "1"]

1. d4 e6 2. c4 f5 3. Nf3 Nf6 4. g3 Be7 5. Bg2 0-0 6. 0-0 Qe8 7. Nc3 d6 8. b4 Nbd7 9. Nb5 Bd8 10. Qb3 Kh8 11. c5 a6 12. Na3 d5 13. b5 Ne4 14. bxa6 Rxa6 15. Nb5 c6 16. Nc3 Bf6 17. Bb2 e5 18. Nxe4 fxe4 19. dxe5 Nxc5 20. Qe3 Be7 21. Nd4 Na4 22. Ba3 Bxa3 23. Qxa3 c5 24. Nb3 Qxe5 25. Nxc5 Qe7 26. Rac1 b6 27. Qxa4 Rxa4 28. Nxa4 Qb4 29. Nc3 Be6 30. Rc2 h6 31. Rb1 Qc5 32. Rb5 Qxf2+ 0-1